| 000 | 00396nam a2200121Ia 4500 | ||
|---|---|---|---|
| 008 | 151021s9999 xx 000 0 und d | ||
| 050 | _aHC 865.K47 2013 | ||
| 245 | _a_Nyamira County Development Profile ministry of devolution and planning | ||
| 260 | _aNairobi Government printer 2013 | ||
| 300 | _axxviii,169p. | ||
| 650 | _a_County mission and vision | ||
| 980 | _a^d20140318 03:45:56^okorir | ||
| 999 |
_c14806 _d14806 |
||